| 000 | 00946nam a2200229Ia 4500 | ||
|---|---|---|---|
| 003 | OSt | ||
| 005 | 20220923220826.0 | ||
| 006 | a|||||r|||| 00| 0 | ||
| 007 | ta | ||
| 008 | 220922b |||||||| |||| 00| 0 hin d | ||
| 024 | _a191,020 | ||
| 037 | _cTextual | ||
| 040 |
_aARTS _cARTS _bhin |
||
| 041 |
_2hin _ahin |
||
| 082 | _aR66:6xG90, 152F0(=) | ||
| 100 | _aज्ञानेश्वर | ||
| 245 | 0 |
_aज्ञानेशवरी-हिन्दी-भाषा टीका _b श्रीमद् भगवद्गीता श्लोकान्वयार्थसह मायानन्द चैतन्य द्वारा अनु |
|
| 246 | _aJnyāneshavarī-hindī-bhāṣhā ṭīkā: shrīmad bhagavadgītā shlokānvayārthasah māyānanda chaitanya dvārā anu0 | ||
| 260 | _c1920 | ||
| 942 |
_hR66:6xG90, 152F0(=) _cTEXL _2CC |
||
| 999 |
_c343741 _d343741 |
||